000 00690nam a2200193Ia 4500
003 GCL
008 140319s9999 xx 000 0 ara d
040 _aGCL /
_cGCL
082 0 4 _a780.01
_bد ن
100 1 _aمحمد رشاد بدران (مترجم)
245 1 0 _aنظرية الموسيقى (هدية من الاديب عبدالفتاح الجمل) /
_cمحمد رشاد بدران (مترجم)
700 1 _aدانهاوزير، ادولف
300 _a224 ص
490 _aالهيئة العامة للاستعلامات
_v0
650 0 4 _aالموسيقى، نظريات
650 0 4 _aالموسيقى, نغمات
650 0 4 _aالموسيقى, تعليم
942 _2ddc
_cBK
999 _c46787
_d46787